[Event "RUS-ch Rapid Men 2018"]
[Site "Sochi"]
[Date "2018.10.06"]
[Round "9"]
[White "Fakhrutdinov, Timur"]
[Black "Sjugirov, Sanan"]
[Result "0-1"]
[WhiteElo "2472"]
[BlackElo "2654"]
[Annotator "TA"]
[PlyCount "130"]
[EventDate "2018.10.05"]
[EventType "swiss"]
[EventCountry "RUS"]
[SourceTitle "playchess.com"]
[Source "ChessBase"]
[SourceQuality "1"]

{[%evp 19,130,58,56,27,99,96,87,89,83,80,93,84,101,32,45,10,35,13,13,32,67,22,23,25,53,48,87,74,81,20,20,11,6,-15,-6,-47,-12,-12,-12,-12,-10,-9,0,-28,-6,-75,-28,-75,-57,-75,-114,-216,-216,-216,-216,-198,-208,-198,-198,-198,-166,-187,-187,-202,-202,-325,-325,-1000,-929,-538,-971,-641,-849,-761,-699,-539,0,-700,-609,-458,0,-291,-291,-291,-291,-1172,-1209,-501,-408,-1288,-1278,-1250,-1114,-908,-775,-1097,-798,-2316,-948,-3123,-2399,-5829,-2341,-2120,-1964,-7336,-5760,-29979,-29980,-29980,-29981,-29981,-29982]} 1. e4 c5 2. Nf3 d6 3. d4 cxd4 4. Nxd4 Nf6 5. Nc3 a6 6. Be3 e6 7. Be2 Qc7 8. g4 b5 9. g5 {B84: Sicilian Scheveningen: 6 Be2 a6, lines without early Be3} Nfd7 10. a3 Bb7 {LiveBook: 14 Games} 11. h4 {White is slightly better.} (11. Qd2 Nc6 12. Nxc6 Bxc6 13. f4 Nc5 14. Bf3 Qb7 15. Qd4 e5 16. fxe5 Ne6 {1-0 (31) Ni,H (2673)-Le,Q (2703) Ho Chi Minh City 2012}) 11... Ne5 $146 (11... Nb6 $1 $11 {keeps the balance.}) ({Predecessor:} 11... Nc6 12. h5 Nce5 13. Rh3 Nb6 14. Kf1 Be7 15. Qe1 d5 16. exd5 Nxd5 17. Nxd5 Bxd5 {0-1 (67) Conquest,S (2488)-Fedorchuk,S (2569) Warsaw 2004}) 12. f4 $16 Nc4 13. Bxc4 $1 Qxc4 14. f5 Nc6 15. fxe6 fxe6 16. Nb3 (16. Nxc6 $1 $16 Bxc6 17. Qg4) 16... Ne5 $14 17. Na5 Qc7 18. Nxb7 Qxb7 19. Bd4 Qc6 20. Qh5+ g6 21. Qe2 Bg7 22. O-O-O O-O-O 23. Rh3 Kb7 24. Na2 (24. a4 $16 {[%cal Ra4b5]} b4 25. a5) 24... Qc4 $11 25. Qxc4 bxc4 26. Nc3 h6 $36 {[%mdl 2048] Black is more active.} 27. Be3 (27. Rdh1 {seems wilder.} Rdf8 28. Ne2 Kc8 29. gxh6 Rxh6 30. b3) 27... Ng4 (27... Kc6 {looks sharper.} 28. Rg3 hxg5 29. hxg5 Rh2 30. Bg1 Rh1) 28. gxh6 Bxc3 29. bxc3 {Strongly threatening Bg5.} Nxe3 30. Rxe3 Rxh6 {[%mdl 4096] Endgame KRR-KRR} 31. Rg1 Rf8 32. Rg4 (32. Reg3 $11 {remains equal.}) 32... e5 33. Reg3 Kc6 34. a4 Rf1+ 35. Kb2 (35. Kd2 $17) 35... Rh8 $19 {( -> ...Rb8+)} 36. Rg1 Rxg1 37. Rxg1 Rxh4 38. Rxg6 Rxe4 {KR-KR} 39. Rg8 Rh4 40. Ra8 {[#]} Kb7 $1 {[%cal Rb7a8]} 41. Rd8 {[#]} Rh6 $1 42. Re8 (42. Kc1 {was necessary.}) 42... Rh1 43. a5 $2 (43. Re7+ Kb6 44. Re8) 43... Kc6 44. Rb8 e4 45. Re8 Kd5 46. Re7 Rg1 47. Re8 Rh1 48. Re7 Rh5 {...Re5 is the strong threat.} 49. Kc1 Rh1+ 50. Kb2 $1 Rf1 51. Re8 Re1 52. Re7 $2 (52. Ra8 e3 53. Rc8) 52... Kc6 53. Ra7 Kb5 54. Rd7 (54. Rc7 $142) 54... Rd1 55. Re7 d5 56. Re8 Kxa5 57. Rb8 Rh1 58. Re8 Kb5 (58... Kb6 $142 59. Re6+ Kb5) 59. Rb8+ Kc6 60. Ra8 Kb7 (60... Kd7 $142 61. Ra7+ Ke6) 61. Re8 Kc7 62. Re6 Kd7 63. Rxa6 e3 {Black mates.} 64. Ra7+ Kd6 65. Ra6+ Ke7 {Precision: White = 39%, Black = 66%.} 0-1

[Event "RUS-ch Rapid Men 2018"]
[Site "Sochi"]
[Date "2018.10.06"]
[Round "9"]
[White "Gutenev, Alexander"]
[Black "Dilmukhametov, Artur"]
[Result "1-0"]
[WhiteElo "2456"]
[BlackElo "2353"]
[Annotator "ChessBase"]
[PlyCount "81"]
[EventDate "2018.10.05"]
[EventType "swiss"]
[EventCountry "RUS"]
[SourceTitle "playchess.com"]
[Source "ChessBase"]
[SourceQuality "1"]
[TimeControl "900+10"]

1. e4 {[%emt 0:00:53]} e6 {[%emt 0:00:00]} 2. d4 {[%emt 0:00:00]} d5 3. Nc3 Bb4 {[%emt 0:00:04]} 4. e5 {[%emt 0:00:02]} c5 {[%emt 0:00:05]} 5. a3 {[%emt 0:00:00]} Bxc3+ {[%emt 0:00:04]} 6. bxc3 {[%emt 0:00:01]} Qa5 {[%emt 0:00:52]} 7. Bd2 {[%emt 0:00:05]} Qa4 {[%emt 0:00:01]} 8. Qg4 {[%emt 0:00:03]} g6 {[%emt 0:00:03]} 9. Nf3 {[%emt 0:00:08]} Qxc2 {[%emt 0:00:57]} 10. Be2 {[%emt 0:00:07]} h5 {[%emt 0:00:12]} 11. Qf4 {[%emt 0:00:06]} Nd7 {[%emt 0:04:21]} 12. O-O {[%emt 0:00:41]} Nh6 {[%emt 0:00:16]} 13. Rfc1 {[%emt 0:00:04]} Qf5 {[%emt 0:00:53]} 14. Qg3 {[%emt 0:01:38]} Qg4 {[%emt 0:00:03]} 15. Bb5 {[%emt 0:00:09]} Nf5 {[%emt 0:00:46]} 16. Qf4 {[%emt 0:00:13]} Qxf4 {[%emt 0:00:33]} 17. Bxf4 {[%emt 0:00:01]} c4 {[%emt 0:02:57]} 18. Ba4 {[%emt 0:00:02]} O-O {[%emt 0:00:44]} 19. Rcb1 {[%emt 0:00:09]} Nb8 {[%emt 0:01:05]} 20. Bg5 {[%emt 0:00:15]} b6 {[%emt 0:00:21]} 21. h3 {[%emt 0:00:02]} Bd7 {[%emt 0:00:37]} 22. Bc2 {[%emt 0:00:16]} b5 {[%emt 0:00:47]} 23. g4 {[%emt 0:00:03]} Ng7 {[%emt 0:00:01]} 24. a4 {[%emt 0:01:47]} bxa4 {[%emt 0:00:33]} 25. Be7 {[%emt 0:00:38]} Re8 {[%emt 0:00:11]} 26. Bd6 {[%emt 0:00:02]} Bc6 {[%emt 0:00:59]} 27. Bxa4 {[%emt 0:00:33]} Bxa4 {[%emt 0:00:03]} 28. Rxa4 {[%emt 0:00:01]} Nc6 {[%emt 0:00:48]} 29. Ra6 {[%emt 0:00:12]} Nb8 {[%emt 0:00:25]} 30. Ra4 {[%emt 0:00:37]} Nc6 {[%emt 0:00:05]} 31. Ng5 {[%emt 0:00:14]} Rec8 {[%emt 0:00:26]} 32. Rb7 {[%emt 0:00:11]} Nd8 {[%emt 0:00:30]} 33. Rbxa7 {[%emt 0:01:18]} Rxa7 {[%emt 0:00:01]} 34. Rxa7 {[%emt 0:00:01]} Ne8 {[%emt 0:00:02]} 35. gxh5 {[%emt 0:00:27]} Nxd6 {[%emt 0:00:51]} 36. exd6 {[%emt 0:00:15]} gxh5 {[%emt 0:00:01]} 37. Re7 {[%emt 0:01:29]} Kf8 {[%emt 0:00:22]} 38. d7 {[%emt 0:00:09]} Rb8 {[%emt 0:00:05]} 39. Re8+ {[%emt 0:00:02]} Kg7 {[%emt 0:00:01]} 40. Kg2 {[%emt 0:00:13]} Kf6 {[%emt 0:00:17]} 41. Nf3 {[%emt 0:00:02]} 1-0

[Event "RUS-ch Rapid Men 2018"]
[Site "Sochi"]
[Date "2018.10.06"]
[Round "9"]
[White "Usmanov, Vasily"]
[Black "Pridorozhni, Aleksei"]
[Result "1/2-1/2"]
[WhiteElo "2453"]
[BlackElo "2574"]
[Annotator "ChessBase"]
[PlyCount "89"]
[EventDate "2018.10.05"]
[EventType "swiss"]
[EventCountry "RUS"]
[SourceTitle "playchess.com"]
[Source "ChessBase"]
[SourceQuality "1"]
[TimeControl "900+10"]

1. d4 {[%emt 0:00:00]} d6 {[%emt 0:00:00]} 2. Nf3 {[%emt 0:00:00]} Bg4 {[%emt 0:00:00]} 3. Nbd2 {[%emt 0:00:40]} Nd7 {[%emt 0:00:00]} 4. g3 {[%emt 0:00:06]} Ngf6 {[%emt 0:00:01]} 5. Bg2 {[%emt 0:00:01]} c6 {[%emt 0:00:21]} 6. h3 {[%emt 0:00:10]} Bh5 {[%emt 0:00:02]} 7. O-O {[%emt 0:00:32]} d5 {[%emt 0:00:08]} 8. c4 {[%emt 0:00:33]} e6 {[%emt 0:00:05]} 9. b3 {[%emt 0:00:02]} Bd6 {[%emt 0:00:07]} 10. Bb2 {[%emt 0:00:01]} Qe7 {[%emt 0:00:05]} 11. Re1 {[%emt 0:00:09]} Ba3 {[%emt 0:00:06]} 12. Qc1 {[%emt 0:00:06]} Bxb2 {[%emt 0:00:03]} 13. Qxb2 {[%emt 0:00:01]} O-O {[%emt 0:00:20]} 14. e4 {[%emt 0:00:20]} dxe4 {[%emt 0:00:05]} 15. Ng5 {[%emt 0:00:20]} Bg6 {[%emt 0:00:05]} 16. Ngxe4 {[%emt 0:00:06]} Nxe4 {[%emt 0:00:03]} 17. Bxe4 {[%emt 0:00:38]} Bxe4 {[%emt 0:00:21]} 18. Rxe4 {[%emt 0:00:06]} Rfd8 {[%emt 0:00:07]} 19. Nf3 {[%emt 0:00:04]} a5 {[%emt 0:00:14]} 20. Kg2 {[%emt 0:00:51]} Qd6 {[%emt 0:00:28]} 21. Rae1 {[%emt 0:00:12]} a4 {[%emt 0:00:44]} 22. b4 {[%emt 0:02:26]} a3 {[%emt 0:00:02]} 23. Qb3 {[%emt 0:00:17]} b5 {[%emt 0:00:03]} 24. Ne5 {[%emt 0:01:54]} Nxe5 {[%emt 0:04:41]} 25. dxe5 {[%emt 0:00:14]} Qd3 {[%emt 0:00:05]} 26. Qxd3 {[%emt 0:03:32]} Rxd3 {[%emt 0:00:02]} 27. R1e2 {[%emt 0:00:02]} h6 {[%emt 0:00:46]} 28. Rc2 {[%emt 0:00:33]} g5 {[%emt 0:00:02]} 29. h4 {[%emt 0:00:12]} Rad8 {[%emt 0:01:29]} 30. cxb5 {[%emt 0:00:09]} cxb5 {[%emt 0:00:01]} 31. hxg5 {[%emt 0:00:16]} hxg5 {[%emt 0:00:01]} 32. Rg4 {[%emt 0:00:08]} Rd2 {[%emt 0:00:03]} 33. Rxg5+ {[%emt 0:00:03]} Kf8 {[%emt 0:00:01]} 34. Rc7 {[%emt 0:00:28]} Rxa2 {[%emt 0:00:16]} 35. Rg4 {[%emt 0:01:10]} Rad2 {[%emt 0:00:02]} 36. Ra7 {[%emt 0:00:19]} a2 {[%emt 0:00:05]} 37. Rf4 {[%emt 0:00:26]} R8d7 {[%emt 0:00:03]} 38. Ra8+ {[%emt 0:00:02]} Ke7 {[%emt 0:00:03]} 39. Rh4 {[%emt 0:00:28]} Re2 {[%emt 0:00:13]} 40. Rhh8 {[%emt 0:00:13]} Rxe5 {[%emt 0:00:13]} 41. Rxa2 {[%emt 0:00:04]} Re4 {[%emt 0:00:10]} 42. Rb8 {[%emt 0:00:41]} Rxb4 {[%emt 0:00:15]} 43. Ra5 {[%emt 0:00:02]} Rd5 {[%emt 0:00:33]} 44. Ra7+ {[%emt 0:00:03]} Rd7 {[%emt 0:00:04]} 45. Ra5 {[%emt 0:00:02]} 1/2-1/2

[Event "RUS-ch Rapid Men 2018"]
[Site "Sochi"]
[Date "2018.10.06"]
[Round "9"]
[White "Lugovskoy, Maxim"]
[Black "Esipenko, Andrey"]
[Result "0-1"]
[WhiteElo "2428"]
[BlackElo "2609"]
[Annotator "TA"]
[PlyCount "72"]
[EventDate "2018.10.05"]
[EventType "swiss"]
[EventCountry "RUS"]
[SourceTitle "playchess.com"]
[Source "ChessBase"]
[SourceQuality "1"]

{[%evp 30,72,22,19,24,28,48,15,16,11,10,11,18,0,0,5,13,0,0,-3,6,-37,-43,-56,-10,-119,-118,-120,-122,-177,-63,-60,-55,-60,-52,-60,-52,-66,-80,-77,-64,-778,-785,-720,-706]} 1. e4 c6 2. d4 d5 3. Nc3 dxe4 4. Nxe4 Bf5 5. Ng3 Bg6 6. Nh3 Nf6 7. Nf4 e5 8. Nxg6 hxg6 9. dxe5 Qa5+ 10. Bd2 Qxe5+ 11. Qe2 Nbd7 12. O-O-O {B18: Classical Caro-Kann: 4...Bf5 sidelines} (12. Qxe5+ Nxe5 13. f4 Ned7 14. O-O-O Bc5 15. Re1+ Kf8 16. Bd3 Re8 17. Rxe8+ Kxe8 18. h3 Bf2 19. Ne4 Nxe4 20. Bxe4 {½-½ (33) Mista,A (2588)-Miton,K (2612) Germany 2017}) 12... Qxe2 13. Bxe2 Bc5 14. f4 O-O 15. Bf3 Rfe8 16. Rhe1 {LiveBook: 5 Games} Bf2 17. Rf1 $146 ({Predecessor:} 17. Rxe8+ Rxe8 {1-0 (65) Del Rey,D (2384)-Batsiashvili,N (2473) San Sebastian 2015}) 17... Be3 18. Bxe3 Rxe3 19. Rfe1 Rxe1 20. Rxe1 Kf8 21. c3 Nc5 22. Kc2 Rd8 23. b4 Ne6 24. Ne2 g5 25. f5 Nc7 $36 {[%mdl 2048] [#] White must now prevent ...g4. Black has the initiative.} 26. g4 Ncd5 27. Kb3 (27. Nc1 $11) 27... Re8 $17 {And now ...Nxc3! would win.} 28. Rf1 Re3 29. h3 (29. Rf2 $17 {was necessary.}) 29... Ne4 ({Black should play} 29... Nd7 $19 30. Bxd5 cxd5) 30. Bxe4 $1 $15 Rxe4 {[%mdl 4096] Endgame KRN-KRN} 31. Nd4 Ke7 32. a4 Kd6 33. Rf3 Re1 34. Rd3 {[#] Hoping for Nc2.} Re3 $1 {[%cal Re3d3]} 35. f6 $2 {[%mdl 8192]} (35. Rxe3 $15 Nxe3 36. Nf3) 35... Rxd3 $19 36. fxg7 Nf6 {Precision: White = 39%, Black = 53%.} 0-1

[Event "RUS-ch Rapid Men 2018"]
[Site "Sochi"]
[Date "2018.10.06"]
[Round "9"]
[White "Pogromsky, Mikhail"]
[Black "Alexeev, Alexey"]
[Result "1-0"]
[WhiteElo "2415"]
[BlackElo "2287"]
[Annotator "NA"]
[PlyCount "61"]
[EventDate "2018.10.05"]
[EventType "swiss"]
[EventCountry "RUS"]
[SourceTitle "playchess.com"]
[Source "ChessBase"]
[SourceQuality "1"]
[TimeControl "900+10"]

1. Nf3 {[%emt 0:00:02]} Nf6 {[%emt 0:00:00]} 2. c4 {[%emt 0:00:03]} c5 {[%emt 0:00:00]} 3. Nc3 {[%emt 0:00:11]} e6 {[%emt 0:00:00]} 4. g3 {[%emt 0:00:06]} b6 {[%emt 0:00:05]} 5. Bg2 {[%emt 0:00:03]} Bb7 {[%emt 0:00:01]} 6. O-O {[%emt 0:00:03]} Be7 {[%emt 0:00:04]} 7. d4 {[%emt 0:00:22]} cxd4 {[%emt 0:00:02]} 8. Qxd4 {[%emt 0:00:01]} O-O {[%emt 0:00:26]} 9. Rd1 {[%emt 0:00:07]} d6 {[%emt 0:01:36]} 10. Bg5 {[%emt 0:00:12]} Nc6 {[%emt 0:01:31]} 11. Qf4 {[%emt 0:00:08]} Qb8 {[%emt 0:00:40]} 12. Bxf6 {[%emt 0:03:39]} Bxf6 {[%emt 0:00:17]} 13. Qxd6 {[%emt 0:01:58]} Bxc3 {[%emt 0:00:39]} 14. bxc3 {[%emt 0:00:13]} Qxd6 {[%emt 0:02:56]} 15. Rxd6 {[%emt 0:00:02]} Rfd8 {[%emt 0:00:33]} 16. Rad1 {[%emt 0:00:07]} Rxd6 {[%emt 0:01:24]} 17. Rxd6 {[%emt 0:00:02]} Rd8 {[%emt 0:00:06]} 18. Rd3 {[%emt 0:02:56]} Kf8 {[%emt 0:05:39]} 19. Ng5 {[%emt 0:02:14]} h6 {[%emt 0:01:19]} 20. Bxc6 {[%emt 0:01:50]} Rxd3 {[%emt 0:00:05]} 21. exd3 {[%emt 0:00:01]} Bxc6 {[%emt 0:00:02]} 22. Nh3 {[%emt 0:00:03]} g5 {[%emt 0:00:08]} 23. f4 {[%emt 0:00:29]} f6 {[%emt 0:00:44]} 24. Kf2 {[%emt 0:00:06]} Ke7 {[%emt 0:00:18]} 25. Ke3 {[%emt 0:00:02]} Bg2 {[%emt 0:00:10]} 26. Nf2 {[%emt 0:00:10]} Bf1 {[%emt 0:00:03]} 27. Kd4 {[%emt 0:01:14]} gxf4 {[%emt 0:00:19]} 28. gxf4 {[%emt 0:00:01]} h5 {[%emt 0:00:17]} 29. h4 {[%emt 0:01:19]} Bg2 {[%emt 0:00:26]} 30. c5 {[%emt 0:00:39]} b5 {[%emt 0:00:10]} 31. Ne4 {[%emt 0:00:10]} 1-0

[Event "RUS-ch Rapid Men 2018"]
[Site "Sochi"]
[Date "2018.10.06"]
[Round "9"]
[White "Sadovsky, Artem"]
[Black "Drygalov, Sergey"]
[Result "1/2-1/2"]
[WhiteElo "2408"]
[BlackElo "2446"]
[Annotator "TA"]
[PlyCount "156"]
[EventDate "2018.10.05"]
[EventType "swiss"]
[EventCountry "RUS"]
[SourceTitle "playchess.com"]
[Source "ChessBase"]
[SourceQuality "1"]

{[%evp 22,156,27,18,15,22,42,51,41,33,41,35,19,17,26,-15,-18,-39,-6,-7,-19,-42,-39,-47,-9,-9,0,0,0,0,0,0,0,-8,0,0,0,0,0,0,35,35,24,25,38,42,31,25,25,27,42,37,37,37,35,37,88,93,90,78,103,103,195,104,108,104,101,70,101,94,73,0,0,0,18,0,0,0,0,0,0,0,0,0,0,0,0,0,0,0,0,0,0,0,0,0,0,0,0,0,0,0,0,0,0,0,0,-110,-110,-108,-108,-108,-109,-109,-109,-118,0,0,0,0,0,0,0,0,0,0,0,0,0,0,0,0,0,0,0,0,0]} 1. c4 e5 2. g3 Nf6 3. Bg2 d5 4. cxd5 Nxd5 5. Nc3 Nb6 6. Nf3 Nc6 7. O-O Be7 8. d3 O-O 9. Be3 Be6 10. Rc1 f6 11. Ne4 {A29: Englische Eröffnung (Vierspringer-Variante)} (11. a3 Qd7 12. d4 exd4 13. Nxd4 Nxd4 14. Qxd4 Qxd4 15. Bxd4 c6 16. Ne4 Bd5 17. Rfd1 Rfe8 18. e3 Rad8 19. b4 Kf7 {½-½ (39) Kamsky,G (2741)-Cheparinov,I (2678) Khanty-Mansiysk 2013}) 11... Nd5 12. Bc5 {LiveBook: 4 Partien} b6 13. Bxe7 Ncxe7 14. d4 exd4 $1 15. Nxd4 Bf7 $1 16. Qa4 c5 17. Nc2 $146 ({Vorgänger:} 17. Nb5 Qd7 18. Rfd1 {0-1 (77) Metaxasz,V (2047)-Vicsai,G (2232) Hungary 2014}) 17... Qc7 18. Qa3 a5 19. Ne3 {[%cal Re4c5]} Nxe3 20. Qxe3 {[%cal Re4c5]} Nd5 21. Qd2 {Mit der Idee Sxc5.} Rad8 22. a3 Ne7 23. Qc3 Rd7 24. Rfd1 Rfd8 25. Qc2 Nc6 {[%cal Be7c6,Bc6e5,Be5d3][%mdl 32] Und ...Sd4 würde nun gewinnen.} 26. e3 Ne5 27. Nc3 {[%cal Be4c3,Bc3b5,Bb5d4,Bd4e6][%mdl 32]} Nd3 28. Ra1 c4 29. Nb5 Qc5 30. Nd4 b5 31. Rxd3 {Schwarz muss nun Sb3! beachten.} Bg6 32. Ne6 $1 {[%csl LRc5,LRd8][%cal Re6c5]} Bxd3 33. Nxc5 Bxc2 34. Nxd7 Rxd7 $11 {[%mdl 4096] Endspiel KTL-KTL} 35. Bc6 Rd2 36. Bxb5 Bb3 $1 37. Rc1 Rxb2 38. Bxc4+ Bxc4 (38... Kf8 $1 $14) 39. Rxc4 $14 {Droht stark Tc5. KT-KT} Rb3 40. a4 {Droht Tc5 und aus.} Rb4 41. Rd4 Kf8 (41... Kf7 $16) 42. Kf1 (42. Kg2 $18) 42... Rb1+ $16 43. Ke2 {Td5 ist eine echte Drohung.} Ra1 44. f4 Ke7 45. Kf3 g6 46. e4 (46. g4 $16) 46... h5 $11 47. Rc4 Ra2 48. Ke3 Kd6 49. h3 Ra3+ 50. Kf2 Ra2+ 51. Ke3 Ra3+ 52. Kd4 Rxg3 53. e5+ fxe5+ 54. fxe5+ Kd7 55. h4 Rg1 56. Kd5 Rd1+ 57. Rd4 Rc1 58. Ke4+ Ke7 59. Kd5 Kd7 60. Rf4 {Und weiter mit Tf7+ wäre nett.} Rd1+ 61. Rd4 Rc1 62. e6+ Ke7 63. Re4 $1 Rc2 64. Ke5 {[#]} (64. Re5 $11) 64... Rc6 $1 $17 {[%cal Rc6e6]} 65. Kf4 Rxe6 66. Rc4 Re1 67. Rc5 Rg1 68. Rxa5 {[#]} Rg4+ ({Besser ist} 68... Kf6 $1 $17 69. Ra6+ Kg7) 69. Ke5 $11 {Die Stellung ist ausgeglichen.} Rxh4 70. Ra7+ Kd8 71. a5 Kc8 72. Rg7 $1 Rg4 73. Kd6 Kb8 74. Kc6 Rg1 75. Kb6 {[%cal Rg7g8]} Rb1+ 76. Ka6 Rg1 77. Kb6 {[%cal Rg7g8]} Rb1+ 78. Ka6 Rg1 {Precision: Weiß = 64%, Schwarz = 69%.} 1/2-1/2

[Event "RUS-ch Rapid Men 2018"]
[Site "Sochi"]
[Date "2018.10.06"]
[Round "9"]
[White "Yashmetov, Mikhail"]
[Black "Yuffa, Daniil"]
[Result "1/2-1/2"]
[WhiteElo "2394"]
[BlackElo "2563"]
[Annotator "TA"]
[PlyCount "154"]
[EventDate "2018.10.05"]
[EventType "swiss"]
[EventCountry "RUS"]
[SourceTitle "playchess.com"]
[Source "ChessBase"]
[SourceQuality "1"]

{[%evp 19,154,-34,-34,-29,-30,-32,-29,-26,-12,-13,-18,-26,0,-56,-39,-114,-114,-116,-105,-112,-106,-96,-89,-86,-87,-87,-95,-94,-108,-140,-144,-164,-160,-154,-160,-152,-154,-168,-163,-255,-241,-197,-146,-147,-134,-95,-28,-73,-81,-104,-67,-188,-66,-62,-39,-87,-3,-4,0,-74,-80,-81,-72,-76,0,0,0,0,0,0,0,2,8,-8,0,0,19,19,137,131,130,130,130,0,130,130,130,123,123,123,123,123,123,123,123,123,123,49,49,24,24,24,24,24,24,20,20,20,20,20,20,20,20,20,20,20,20,20,20,20,20,20,20,20,20,20,20,20,20,20,20,20,20,20,20,0,0]} 1. Nf3 Nf6 2. g3 g6 3. Bg2 Bg7 4. O-O O-O 5. d4 d6 6. b3 e5 7. dxe5 dxe5 8. Bb2 e4 9. Qxd8 Rxd8 10. Nfd2 {A49: Königsindisch (ohne c2-c4)} Bf5 {LiveBook: 4 Partien} 11. Nc4 Nc6 12. Ne3 $146 {Schwarz hat minimalen Vorteil.} ({Vorgänger:} 12. Nc3 Nd4 13. Ne3 Ng4 14. Nxg4 Bxg4 15. Bxe4 Nxe2+ 16. Nxe2 Bxb2 17. Rae1 c6 {0-1 (59) Li,C (2746)-Mamedyarov,S (2761) Moscow 2016}) 12... Nd5 13. Bxg7 Nxe3 14. fxe3 {Schwarz muss nun Lh6 beachten.} Kxg7 15. Nc3 Rd2 16. Nxe4 (16. Rac1 $11) 16... Rxc2 17. Rac1 (17. Ng5 $1 $15) 17... Rxe2 $17 18. Nc5 Ne5 ({Viel schwächer wäre} 18... Rxe3 $6 19. Nxb7 Ne7 20. Nd6 $1 $11 {[%mdl 512]}) 19. Nxb7 Rxg2+ 20. Kxg2 Be4+ 21. Kg1 Bxb7 22. Rxc7 Rb8 23. Rf4 Bc6 $1 24. Re7 Rb5 $1 25. Kf1 a5 26. Ke2 Rc5 27. Kd2 g5 28. Rf2 Kg6 29. h3 (29. Rc7 $142) 29... Be4 $19 30. Kd1 f5 (30... h5 $19 31. Re8 f6) 31. Rd2 $17 {Weiss will mit Td6+ Matt setzen.} Nd3 {( -> ...Tc1+)} 32. Ke2 Rd5 (32... Rc3 $17 33. g4 h5 34. gxf5+ Bxf5) 33. Kf1 h5 34. Re6+ Kg7 35. Rb6 ({Besser ist} 35. Rc6 $15) 35... h4 (35... Rc5 $19 36. Ke2 Rc3) 36. gxh4 $15 gxh4 37. Ke2 Nc1+ (37... f4 $1 $17 38. exf4 Nxf4+ 39. Ke1 Nd3+ 40. Kd1 Rf5) 38. Ke1 $11 Nd3+ (38... Rxd2 $11 39. Kxd2 Nxa2) 39. Ke2 $17 f4 $1 40. exf4 Nxf4+ 41. Ke1 Nxh3 (41... Bd3 $1 $17 42. Kf2 Rg5 43. Rb7+ (43. Kf3 $2 Nxh3 44. Ke3 Rg3+ 45. Kd4 Nf4 $19) 43... Kg6) 42. Rxd5 $11 Bxd5 43. Rb5 Nf4 44. Kf2 Kf6 45. Rxa5 Kf5 46. Ra7 Nd3+ 47. Ke3 Ne5 {Droht ...h3 und aus.} 48. Rh7 $1 {[%cal Rh7h4]} Ke6 (48... Ng6 $1 $11) 49. Rxh4 Kd6 50. Rh5 Nc6 {[#]} 51. Rh4 (51. Kd2 $1 $16) 51... Kc5 {[#]} (51... Ne5 $1 $11) 52. Kd2 $1 $16 Na7 53. Kc3 {Und weiter mit b4+ wäre nett.} Nb5+ 54. Kb2 Nd4 55. Rh8 Be6 56. Rh5+ Bd5 57. Rh4 Be6 58. b4+ ({Günstiger ist} 58. Kc3 $16 Nb5+ 59. Kd3) 58... Kc4 $1 $14 59. a4 Bd7 60. b5 Kc5 61. Rh5+ Kb4 62. Rd5 Nxb5 $1 {Die Stellung ist ausgeglichen.} 63. Rxd7 Kxa4 $11 {[%mdl 4096] Endspiel KT-KS} 64. Rh7 Kb4 65. Rh4+ Kc5 66. Kb3 Nd4+ 67. Kc3 Nc6 68. Rh5+ Kd6 69. Kc4 Ne5+ 70. Kd4 Nc6+ 71. Ke4 Nb4 72. Rh6+ Kc5 73. Rh1 Nc6 74. Rd1 Nb4 75. Rb1 Nc6 76. Rc1+ Kd6 77. Rxc6+ Kxc6 {Precision: Weiß = 57%, Schwarz = 64%.} 1/2-1/2

[Event "RUS-ch Rapid Men 2018"]
[Site "Sochi"]
[Date "2018.10.06"]
[Round "9"]
[White "Truskavetsky, Alexandr"]
[Black "Moiseenko, Vadim"]
[Result "0-1"]
[WhiteElo "2393"]
[BlackElo "2492"]
[Annotator "ChessBase"]
[PlyCount "96"]
[EventDate "2018.10.05"]
[EventType "swiss"]
[EventCountry "RUS"]
[SourceTitle "playchess.com"]
[Source "ChessBase"]
[SourceQuality "1"]
[TimeControl "900+10"]

1. d4 {[%emt 0:00:10]} Nf6 {[%emt 0:00:32]} 2. c4 {[%emt 0:00:03]} b6 {[%emt 0:00:01]} 3. Nc3 {[%emt 0:00:39]} Bb7 {[%emt 0:00:01]} 4. Nf3 {[%emt 0:00:14]} e6 {[%emt 0:00:02]} 5. e3 {[%emt 0:00:36]} d5 {[%emt 0:00:19]} 6. cxd5 {[%emt 0:00:23]} Nxd5 {[%emt 0:00:05]} 7. Bd3 {[%emt 0:00:28]} Nd7 {[%emt 0:00:13]} 8. O-O {[%emt 0:00:14]} Be7 {[%emt 0:00:05]} 9. e4 {[%emt 0:00:30]} Nxc3 {[%emt 0:00:04]} 10. bxc3 {[%emt 0:00:01]} c5 {[%emt 0:00:28]} 11. d5 {[%emt 0:01:17]} exd5 {[%emt 0:00:23]} 12. exd5 {[%emt 0:00:02]} O-O {[%emt 0:01:52]} 13. c4 {[%emt 0:00:33]} Bf6 {[%emt 0:00:04]} 14. Rb1 {[%emt 0:00:02]} Re8 {[%emt 0:00:05]} 15. Bf4 {[%emt 0:00:58]} Nf8 {[%emt 0:00:18]} 16. a4 {[%emt 0:00:27]} Bc8 {[%emt 0:00:07]} 17. h3 {[%emt 0:01:07]} Bd7 {[%emt 0:00:19]} 18. Qc2 Qc8 {[%emt 0:00:14]} 19. a5 {[%emt 0:01:56]} bxa5 {[%emt 0:00:04]} 20. Bg5 {[%emt 0:02:31]} Qd8 {[%emt 0:00:46]} 21. Bf4 Ng6 22. Bg3 {[%emt 0:00:45]} Qc8 {[%emt 0:00:13]} 23. h4 {[%emt 0:00:24]} a4 {[%emt 0:01:34]} 24. h5 {[%emt 0:00:16]} Nf8 {[%emt 0:00:01]} 25. Nd2 {[%emt 0:00:24]} Bd4 {[%emt 0:01:38]} 26. Nf3 {[%emt 0:00:21]} Bf6 {[%emt 0:00:03]} 27. Nd2 {[%emt 0:00:01]} Qa6 {[%emt 0:00:41]} 28. Ne4 {[%emt 0:00:25]} Bd4 {[%emt 0:00:02]} 29. Nd6 {[%emt 0:00:29]} Re7 {[%emt 0:00:37]} 30. Nb5 {[%emt 0:00:40]} Bxb5 {[%emt 0:00:51]} 31. cxb5 {[%emt 0:00:08]} Qh6 {[%emt 0:00:28]} 32. Qxa4 {[%emt 0:01:02]} Rd8 {[%emt 0:00:02]} 33. d6 {[%emt 0:00:14]} Rxd6 {[%emt 0:00:39]} 34. Bxd6 {[%emt 0:00:18]} Qxd6 {[%emt 0:00:01]} 35. Qc2 {[%emt 0:00:11]} Re5 {[%emt 0:00:40]} 36. Bf5 {[%emt 0:02:06]} Qe7 {[%emt 0:01:00]} 37. Rb3 {[%emt 0:00:33]} Re2 {[%emt 0:00:21]} 38. Qd1 {[%emt 0:00:27]} Qe5 {[%emt 0:01:34]} 39. Bg4 {[%emt 0:00:12]} Re4 {[%emt 0:00:07]} 40. Rh3 {[%emt 0:00:14]} c4 {[%emt 0:01:20]} 41. Bf3 {[%emt 0:00:10]} Rf4 {[%emt 0:00:02]} 42. Bc6 {[%emt 0:00:03]} Ne6 {[%emt 0:00:21]} 43. Rf3 {[%emt 0:00:18]} Rh4 {[%emt 0:00:22]} 44. g3 {[%emt 0:00:03]} Rxh5 {[%emt 0:00:13]} 45. Re1 {[%emt 0:00:11]} Qc5 {[%emt 0:00:01]} 46. Rxf7 {[%emt 0:00:13]} Kxf7 {[%emt 0:00:08]} 47. Qf3+ {[%emt 0:00:17]} Rf5 {[%emt 0:00:03]} 48. Be8+ {[%emt 0:00:10]} Kxe8 {[%emt 0:00:31]} 0-1